[Event "7th RTU Open 2017"]
[Site "Riga"]
[Date "2017.08.08"]
[Round "3"]
[White "Nabaty, Tamir"]
[Black "Gusain, Himal"]
[Result "1-0"]
[WhiteElo "2654"]
[BlackElo "2446"]
[Annotator "TA"]
[PlyCount "43"]
[EventDate "2017.??.??"]
[EventType "swiss"]
[EventCountry "LAT"]
[SourceTitle "playchess.com"]
[Source "ChessBase"]
[SourceQuality "1"]

{[%evp 9,43,45,75,71,107,97,118,121,170,177,152,88,185,183,310,306,456,438,527,530,508,507,620,708,685,668,592,723,725,680,640,552,548,539,517,540]} 1. d4 d5 2. c4 e6 3. Nf3 c6 4. Bg5 f6 5. Bd2 (5. Bh4 dxc4 6. e4 b5 7. Be2 Bb4+ 8. Nc3 Ne7 9. O-O O-O 10. Qc2 Ng6 11. Bg3 f5 12. h4 Be7 13. h5 Nh4 14. Bxh4 Bxh4 15. a4 Ba6 16. axb5 cxb5 17. exf5 {1-0 (29) Laznicka,V (2651)-Vavra,P (2391) Czech Republic 2017}) 5... dxc4 6. e4 {D30: Queen's Gambit Declined: Systems without Nc3} b5 7. a4 a6 8. b3 $146 {White is better.} ({Find the theoretical novelty and annotate with similar games:} 8. axb5 cxb5 9. b3 a5 10. bxc4 b4 11. c5 Bb7 12. Bb5+ Bc6 {1-0 (26) Milare,T (1789)-Schauties,N (1691) Willingen 2017}) 8... c3 9. Nxc3 Bb7 10. g3 ({Much less strong is} 10. axb5 $6 cxb5 11. d5 Bc5 $16) ({White should try} 10. b4) 10... b4 (10... c5 $16) 11. Ne2 $18 {[%cal Bc3e2,Be2f4,Bf4e6][%mdl 32]} c5 (11... g5 {was worth a try.} 12. Bh3 Qe7) 12. Nf4 cxd4 (12... Bc8 $142 13. dxc5 Nc6) 13. Nxe6 {White is clearly winning.} Qe7 14. Bc4 Nc6 15. O-O Qd7 16. Bf4 Rc8 17. e5 Na5 {[%cal Bc6a5,Ba5c4,Bc4e3][%mdl 32]} 18. exf6 Nxc4 19. Re1 {[#] Black must now prevent Nc5+.} Ne3 20. fxg7 Bxg7 21. Nxg7+ Qxg7 22. Nxd4 {Precision: White = 83%, Black = 24%.} 1-0

[Event "7th RTU Open 2017"]
[Site "Riga"]
[Date "2017.08.08"]
[Round "3"]
[White "Jumabayev, Rinat"]
[Black "Bakalchuk, Johnatan"]
[Result "1-0"]
[WhiteElo "2610"]
[BlackElo "2394"]
[Annotator "TA"]
[PlyCount "67"]
[EventDate "2017.??.??"]
[EventType "swiss"]
[EventCountry "LAT"]
[SourceTitle "playchess.com"]
[Source "ChessBase"]
[SourceQuality "1"]

{[%evp 22,67,12,2,58,46,54,7,73,74,92,86,99,88,82,89,87,97,141,138,136,132,159,150,153,170,175,139,156,162,156,147,151,137,147,141,124,135,204,200,293,292,395,378,389,379,361,354]} 1. Nf3 Nf6 2. d4 g6 3. g3 Bg7 4. Bg2 O-O 5. c4 d6 6. Nc3 Nc6 7. O-O Rb8 8. Bf4 {E62: King's Indian: Fianchetto: 6...c6 and Panno Variation (6...Nc6) without ...a6} (8. d5 Na5 9. Nd2 c6 10. b4 Nxc4 11. Nxc4 Nxd5 12. Nxd5 Bxa1 13. Nf4 Bg7 14. e4 e5 15. Nd3 Be6 16. Qc2 {½-½ (33) Mamedyarov,S (2747)-Jones,G (2645) Reykjavik 2016}) 8... a6 9. Rc1 h6 10. h3 g5 11. Bd2 e5 12. d5 {LiveBook: 6 Games} Nd4 ({Black should try} 12... Ne7 $11) 13. Ne1 $14 g4 $146 ({Predecessor:} 13... b5 14. e3 Nf5 15. cxb5 axb5 16. Nd3 {1-0 (49) Ushenina,A (2438)-Sandu,M (2207) Reykjavik 2015}) 14. h4 c5 (14... Nh5 $11 {remains equal.}) 15. dxc6 $16 bxc6 16. e3 Ne6 17. Bxc6 Rxb2 18. Nd3 Rb8 19. Bg2 Nc5 20. Nxc5 dxc5 21. e4 Qd3 22. Nd5 Nxe4 23. Be3 Qxd1 24. Rfxd1 f5 25. Bxe4 fxe4 26. Bxc5 Rf7 27. Ne7+ Kh7 28. Nxc8 Rxc8 29. Be3 Rfc7 (29... Kg6 $16 {is a better defense.} 30. c5 Kf5) 30. c5 $18 Rc6 (30... h5 $142 31. Kg2 Kg6) 31. h5 Kg8 32. Rc4 {White is winning.} Kf7 33. Rxe4 Bf8 34. Rc1 {Precision: White = 93%, Black = 40%.} ({Weaker is} 34. Rxe5 Bxc5 35. Rd7+ Kf6 $18) 1-0

[Event "7th RTU Open 2017"]
[Site "Riga"]
[Date "2017.08.08"]
[Round "3"]
[White "Tregubov, Pavel V."]
[Black "D`Costa, Lorin A R"]
[Result "1/2-1/2"]
[WhiteElo "2593"]
[BlackElo "2390"]
[Annotator "TA"]
[PlyCount "98"]
[EventDate "2017.??.??"]
[EventType "swiss"]
[EventCountry "LAT"]
[SourceTitle "playchess.com"]
[Source "ChessBase"]
[SourceQuality "1"]

{[%evp 20,98,22,12,8,-15,-13,-19,16,0,59,46,63,16,14,13,9,10,27,37,36,37,35,28,36,35,43,35,52,14,18,3,42,1,2,2,2,2,2,2,3,3,3,0,0,0,0,0,0,-56,-43,-80,-39,-76,-78,-68,-42,-67,0,-27,0,0,0,-58,-44,-243,-80,-350,0,0,0,0,0,0,0,0,0,0,0,0,0]} 1. d4 Nf6 2. c4 e6 3. Nc3 Bb4 4. e3 O-O 5. Bd3 d5 6. a3 Bxc3+ 7. bxc3 dxc4 8. Bxc4 c5 9. Nf3 Nc6 10. O-O Qc7 11. h3 b6 {E58: Nimzo-Indian: Rubinstein: Main Line: 7...Nc6 8 a3 Bxc3} (11... e5 12. Bb2 Bf5 13. Ba2 Rad8 14. Qe2 Rfe8 15. d5 b5 16. c4 Na5 17. Nd2 Nxc4 18. Bxc4 bxc4 19. e4 Nxd5 20. exd5 {1-0 (33) Lenic,L (2659)-Iturrizaga Bonelli,E (2653) Tromsoe 2014}) 12. Qe2 Bb7 13. Bb2 Rad8 14. Rfd1 e5 ({Black should play} 14... Na5 $11) 15. Ba2 h6 $146 ({Find the theoretical novelty and annotate with similar games:} 15... Qe7 16. d5 Nb8 17. c4 Nbd7 18. Bb1 Ne8 19. Bf5 e4 20. Nd2 Nd6 21. Qg4 Ne5 22. Bxh7+ Kxh7 {1-0 (41) Van der Stricht,G (2403)-Tjiam,D (2386) Netherlands 2013}) 16. Nh4 Ne7 17. Rac1 Rfe8 18. Bb1 ({Wrong is} 18. Qc4 $2 Bd5 $19) 18... Be4 19. dxe5 Qxe5 20. c4 Qe6 21. Bxf6 gxf6 22. Bxe4 Qxe4 23. Qh5 Kg7 24. Kh1 Qe5 25. Qf3 f5 26. Qb7 Qe4 $132 {[%mdl 2048] Black puts up resistance} 27. Rxd8 Rxd8 28. Qxe7 Qxe7 29. Nxf5+ Kf6 30. Nxe7 Kxe7 $11 {[%mdl 4096] Endgame KR-KR} 31. Rc3 Rd2 32. Kg1 Kd6 33. g4 a6 34. h4 (34. Kf1 $11) 34... b5 $1 $15 35. cxb5 axb5 36. Kg2 c4 37. a4 Kc5 $1 {[#] aiming for ...b4.} 38. axb5 Kxb5 {White must now prevent ...Kb4.} (38... Kb4 $5 {[%cal Rb4c3]} 39. Rc1 Kxb5 $14) 39. Ra3 Rd7 {...Rc7 is the strong threat.} 40. Kf3 Kb4 41. Ra8 (41. Ra6 $11) 41... c3 {[%mdl 1024] Black has compensation.} 42. Rb8+ $2 {[#]} (42. Ke2 $15) 42... Ka3 $2 (42... Kc4 $19 {And now ...c2 would win.} 43. Ke2 Rd2+ 44. Ke1 Rb2) 43. Ke2 $2 {[%mdl 8192]} (43. Rc8 $17 Kb2 44. Ke2) 43... c2 $2 (43... Rd2+ $19 44. Ke1 Rb2) 44. Ra8+ {The position is equal.} Kb2 45. Rb8+ Ka2 46. Ra8+ Kb2 47. Rb8+ Ka3 48. Ra8+ Kb2 49. Rb8+ Ka2 {Precision: White = 44%, Black = 58%.} 1/2-1/2

[Event "7th RTU Open 2017"]
[Site "Riga"]
[Date "2017.08.08"]
[Round "3"]
[White "Neiksans, Arturs"]
[Black "Das, Sayantan"]
[Result "1-0"]
[WhiteElo "2582"]
[BlackElo "2436"]
[Annotator "TA"]
[PlyCount "73"]
[EventDate "2017.??.??"]
[EventType "swiss"]
[EventCountry "LAT"]
[SourceTitle "playchess.com"]
[Source "ChessBase"]
[SourceQuality "1"]

{[%evp 29,73,54,56,50,44,41,55,23,50,40,128,135,148,149,131,89,90,90,80,102,200,183,261,257,281,264,259,213,210,232,224,220,232,214,232,185,217,200,341,301,257,267,1181,1335,1295,1208]} 1. d4 d5 2. c4 e6 3. Nf3 Nf6 4. g3 Bb4+ 5. Bd2 Be7 6. Bg2 O-O 7. O-O Nbd7 8. Qc2 c6 9. Rd1 b6 10. Bf4 Bb7 11. Ne5 Nxe5 {E08: Closed Catalan: Main Line: 7 Qc2} (11... Nh5 12. Bd2 Nhf6 13. cxd5 cxd5 14. Nc6 Bxc6 15. Qxc6 Rc8 16. Qb5 Ne8 17. Qd3 Nd6 18. Nc3 Nf6 19. b3 Qd7 20. Rac1 Rfd8 21. Rc2 Nde4 22. Be1 {½-½ (22) Radjabov,T (2710)-Gelfand,B (2724) Moscow 2017}) 12. dxe5 Nd7 13. cxd5 cxd5 14. e4 Rc8 15. Nc3 dxe4 {LiveBook: 7 Games} 16. Bxe4 Bxe4 17. Qxe4 Qc7 {[#]} 18. Rac1 $146 ({Predecessor:} 18. Nb5 Nc5 19. Qf3 Qb8 20. b4 {1-0 (58) Jumabayev,R (2606)-Seirawan,Y (2620) Berlin 2015}) 18... Nc5 19. Qf3 Rfd8 (19... Rcd8 $14) 20. Nb5 $1 $16 {[%cal Rb5c7]} Qb8 21. b4 $1 {[%cal Rb4c5]} Na6 22. Rxc8 Qxc8 {[#]} 23. Rxd8+ $1 Qxd8 24. a3 $36 {[%mdl 2048] Keeping Black busy.} ({Much worse is} 24. Nxa7 $6 Nxb4 25. Nc6 Nxc6 $11) 24... Qb8 {[#]} (24... Nc7 $16 25. Nxa7 Bf8) 25. Qc6 $1 $18 Kf8 (25... h6 {was called for.} 26. Qd7 Qd8 27. Qxd8+ (27. Qxa7 Qd1+ 28. Kg2 Qd5+ 29. Kh3 Qxb5 $14) 27... Bxd8 28. Nxa7 Nc7) 26. Be3 g5 27. Qd7 Qd8 28. Qxd8+ Bxd8 29. Nxa7 {[%mdl 4096] Endgame KBN-KBN} Nb8 30. Kg2 g4 31. h3 h5 32. hxg4 hxg4 33. Kf1 Nd7 (33... Bc7 $142 34. Ke2 Ke8) 34. Nc6 Bc7 35. a4 {[%cal Ba3a4,Ba4a5][%mdl 32]} Bxe5 $2 (35... Ke8 36. a5 bxa5) 36. Nxe5 Nxe5 37. a5 {Precision: White = 95%, Black = 22%.} 1-0

[Event "7th RTU Open 2017"]
[Site "Riga"]
[Date "2017.08.08"]
[Round "3"]
[White "Kulaots, Kaido"]
[Black "Bernotas, Arturs"]
[Result "1-0"]
[WhiteElo "2577"]
[BlackElo "2431"]
[Annotator "TA"]
[PlyCount "57"]
[EventDate "2017.??.??"]
[EventType "swiss"]
[EventCountry "LAT"]
[SourceTitle "playchess.com"]
[Source "ChessBase"]
[SourceQuality "1"]

{[%evp 15,57,30,31,24,41,25,58,32,39,39,40,35,56,37,39,47,43,51,76,80,128,114,248,261,270,253,255,255,405,408,407,397,399,397,395,384,395,393,406,390,802,784,1291,642]} 1. c4 Nf6 2. Nc3 e6 {[%cal Be7e6,Be6d5][%mdl 32]} 3. e4 d5 4. cxd5 exd5 5. e5 Ne4 6. Nf3 Nc6 7. Bb5 Be7 {A18: English Opening: Flohr-Mikenas System (1 c4 Nf6 2 Nc3 e6 3 e4)} 8. O-O O-O {LiveBook: 4 Games} 9. d4 (9. Re1 Bf5 10. Bxc6 bxc6 11. Nd4 Bd7 12. Nxe4 dxe4 13. Rxe4 c5 14. Nf3 Bc6 15. Re3 {0-1 (41) Ding,L (2730)-Wang,Y (2711) Shenzhen 2014}) 9... Bf5 {White has an edge.} 10. Be3 f6 $146 ({Predecessor:} 10... Na5 11. Nxe4 dxe4 12. Nd2 a6 13. Be2 Nc6 14. Nb3 Nb4 15. Qd2 {½-½ (80) Karatekin,T (2280)-Demircioglu,E (2218) Konya 2015}) 11. Qa4 (11. Rc1 $5 {[%cal Rc3d5]}) 11... Nb4 12. Rac1 c6 13. Be2 a5 14. a3 Nxc3 15. Rxc3 Na6 16. Qb3 Qb8 17. Bf4 {aiming for exf6.} Qa7 18. Re3 Rac8 (18... Bg4 $16 {was called for.} 19. Rd1 Rae8) 19. Nh4 $18 Be6 {White should prevent ...fxe5.} 20. exf6 Bxf6 21. Rxe6 Bxh4 {[#]} (21... Qxd4 $142 22. Bd6 (22. Qxb7 Nc5 $11) 22... Bxh4) 22. Be5 $1 Bf6 23. Bxf6 Rxf6 24. Rxf6 gxf6 25. Qe3 Rf8 26. Bd3 {[#] And now Qe6+ would win.} Qb8 27. Qe6+ Kg7 $2 (27... Kh8 28. Qe7 (28. Qd7 Qc7 $16) 28... f5) 28. Qf5 {[%csl Gd3][%cal Rf5h7]} Rh8 29. Re1 {Precision: White = 74%, Black = 39%.} (29. Qd7+ $142 Kh6 30. Re1) 1-0

[Event "7th RTU Open 2017"]
[Site "Riga"]
[Date "2017.08.08"]
[Round "3"]
[White "Vorobiov, Evgeny E."]
[Black "Fruebing, Stefan"]
[Result "1/2-1/2"]
[WhiteElo "2569"]
[BlackElo "2417"]
[Annotator "TA"]
[PlyCount "107"]
[EventDate "2017.??.??"]
[EventType "swiss"]
[EventCountry "LAT"]
[SourceTitle "playchess.com"]
[Source "ChessBase"]
[SourceQuality "1"]

{[%evp 20,107,18,0,6,4,20,18,17,16,33,25,30,27,27,17,24,27,39,39,36,37,41,37,37,21,46,46,48,41,45,45,45,41,41,41,46,41,48,47,48,47,41,12,46,46,47,52,54,53,64,44,65,61,70,45,45,43,45,38,41,37,38,20,56,52,58,21,41,20,27,27,34,34,35,39,45,0,0,0,22,0,50,5,9,0,43,0,36,0]} 1. d4 d5 2. c4 c6 3. Nf3 Nf6 4. e3 Bg4 5. cxd5 Bxf3 6. Qxf3 cxd5 7. Nc3 {D11: Slav Defence: 3 Nf3 sidelines and 3...Nf6 4 e3 Bg4} (7. Bd3 Nc6 8. O-O e6 9. a3 Be7 10. b4 O-O 11. Bb2 Qd7 12. Nd2 a5 13. b5 Na7 14. a4 Bb4 {½-½ (33) Wojtaszek,R (2741)-Giri,A (2793) Baku 2015}) 7... Nc6 8. Bd3 e6 9. O-O Be7 10. Rd1 O-O 11. Bf1 {LiveBook: 5 Games} Qd7 $146 ({Predecessor:} 11... Rc8 12. Bd2 Nd7 13. Na4 Bb4 14. Qe2 Bxd2 15. Qxd2 {½-½ (67) Vorobiov,E (2585)-Tate,A (2350) Pardubice 2017}) 12. Bd2 Ne8 13. Be1 Nd6 14. Qe2 f5 15. Na4 Bf6 16. Nc5 Qf7 17. Rac1 Rfc8 18. Rc2 Rc7 19. Rdc1 Rac8 20. Nd3 Qe7 21. b3 {[%cal Bb2b3,Bb3b4,Bb4b5][%mdl 32]} g6 22. a4 Kg7 23. Qd1 Kg8 24. b4 Nd8 25. b5 N8f7 26. Bb4 Rxc2 27. Rxc2 Qe8 28. Qc1 Rxc2 29. Qxc2 Qc8 30. Qc5 b6 31. Qc6 Be7 32. Ne5 Nd8 33. Qxc8 Nxc8 34. Bc3 Bd6 35. f3 Kg7 36. Kf2 Kf8 37. h4 Ke8 38. Bd3 Nf7 39. Nc6 Nd8 40. Nxd8 Kxd8 $14 {[%mdl 4096] Endgame KBB-KBN} 41. e4 Kd7 42. e5 Be7 43. Kg3 Ke8 44. Kh3 Kf7 45. g4 Ba3 46. h5 Ne7 47. hxg6+ hxg6 48. Bd2 Bb2 49. Be3 Bc3 (49... f4 $5 50. Bxf4 Bxd4 $14) 50. Kh4 Bb4 51. Kg5 Ng8 {[#] And now ...Be7+ would win.} 52. Kh4 Ne7 53. Kg5 Ng8 {Hoping for ...Be7+.} 54. Kh4 {Precision: White = 57%, Black = 45%.} 1/2-1/2

[Event "7th RTU Open 2017"]
[Site "Riga"]
[Date "2017.08.08"]
[Round "3"]
[White "Ghosh, Diptayan"]
[Black "Agmanov, Zhandos"]
[Result "1/2-1/2"]
[WhiteElo "2562"]
[BlackElo "2393"]
[Annotator "TA"]
[PlyCount "78"]
[EventDate "2017.??.??"]
[EventType "swiss"]
[EventCountry "LAT"]
[SourceTitle "playchess.com"]
[Source "ChessBase"]
[SourceQuality "1"]

{[%evp 24,78,25,16,16,13,14,-70,23,16,16,16,22,14,16,16,16,10,17,0,0,0,0,0,0,0,3,0,4,2,5,4,7,5,5,0,10,13,8,9,12,8,8,9,10,10,9,10,10,9,10,8,8,1,4,1,4]} 1. d4 d5 2. c4 e6 3. Nf3 c6 4. e3 Nf6 5. Nc3 Nbd7 6. Qc2 Bd6 7. Bd3 O-O 8. O-O e5 9. cxd5 cxd5 10. e4 exd4 11. Nxd5 Nxd5 12. exd5 h6 13. Nxd4 Qh4 {[%csl Gd6][%cal Rh4h2] [#] D46: Semi-Slav: 5 e3 Nbd7 6 Bd3, Black avoids the Meran} 14. Nf3 Qh5 15. Bh7+ Kh8 {Hoping for ...g6.Black is slightly better.} 16. Qf5 $1 {[%cal Rf5h5]} Qxf5 {The position is equal.} 17. Bxf5 Nf6 18. Bxc8 (18. Bc2 b6 19. Rd1 Bb7 20. Bb3 Rad8 21. Be3 {½-½ (41) Mamedyarov,S (2772)-Topalov,V (2741) Shamkir 2017}) 18... Rfxc8 19. Rd1 Rd8 20. Be3 Be7 {[#]} 21. Ne5 $146 (21. d6 $5 Bxd6 22. g3 $11) ({Predecessor:} 21. d6 Rxd6 22. Rxd6 Bxd6 {½-½ (40) Potkin,V (2576)-Kobalia,M (2613) Sochi 2017}) 21... Kg8 22. d6 Rxd6 23. Rxd6 Bxd6 24. Nc4 Bc7 25. Bd4 Nd5 26. Rd1 Nf4 {[#] Strongly threatening ...Rd8.} 27. Be3 Ne6 28. g3 b5 29. Nd2 Be5 30. Nf3 Bxb2 31. Rb1 Bc3 32. Rxb5 a5 33. a4 Rd8 34. Bb6 Rd1+ 35. Kg2 Ra1 $1 {[%cal Ra1a4]} 36. Bxa5 Bf6 $1 37. Rb4 Nc5 $1 38. Bb6 (38. Rc4 $5 {[%cal Rc4c5]} Nxa4 39. Rc8+ Kh7 40. h4 $11) 38... Nxa4 39. Be3 Nc3 {Precision: White = 80%, Black = 92%.} 1/2-1/2

[Event "7th RTU Open 2017"]
[Site "Riga"]
[Date "2017.08.08"]
[Round "3"]
[White "Shyam, Sundar M."]
[Black "Migot, Tangi"]
[Result "1/2-1/2"]
[WhiteElo "2547"]
[BlackElo "2360"]
[Annotator "TA"]
[PlyCount "137"]
[EventDate "2017.??.??"]
[EventType "swiss"]
[EventCountry "LAT"]
[SourceTitle "playchess.com"]
[Source "ChessBase"]
[SourceQuality "1"]

{[%evp 18,137,42,29,32,20,15,0,19,2,8,9,8,10,26,0,1,0,0,0,8,8,23,20,38,39,47,45,41,23,22,21,29,3,3,6,8,0,15,14,14,19,22,11,17,0,0,0,0,0,0,0,0,0,1,0,12,0,6,0,6,7,51,51,51,51,51,51,51,51,96,96,96,96,96,96,96,96,103,103,103,103,103,103,103,103,103,103,103,103,103,103,120,50,101,101,101,54,72,66,101,50,101,42,42,19,42,42,42,42,42,42,42,42,42,42,42,42,42,42,42,42]} 1. Nf3 Nf6 2. g3 d5 3. Bg2 g6 4. b3 Bg7 5. Bb2 O-O 6. c4 c6 7. O-O a5 8. d3 Na6 9. cxd5 {A11: English Opening: 1...c6} (9. Nbd2 Be6 10. a3 Qc8 11. Re1 Bh3 12. Bh1 h6 13. Qc2 Qd8 14. Rac1 Nc7 15. cxd5 Ncxd5 16. Nc4 Nb6 {1-0 (35) Malakhov,V (2694)-Polgar,J (2685) Dubai 2014}) 9... cxd5 10. Nc3 {LiveBook: 8 Games} Nb4 11. a3 $146 ({Predecessor:} 11. Qd2 Re8 12. Na4 Bd7 13. Nc5 Rc8 14. Rfc1 b6 15. Nxd7 Qxd7 16. Bd4 Qd6 17. Be5 Qd7 18. Bd4 Qd6 {½-½ (18) Baumegger,S (2483)-Freitag,M (2382) Austria 2014}) 11... Nc6 12. Nb5 Bg4 13. h3 Bxf3 14. Bxf3 e5 15. e3 Qd7 16. Kg2 Rac8 17. Rc1 Rfd8 18. Be2 (18. d4 $5 {[%cal Rd4e5]}) 18... Ne8 19. d4 e4 20. Nc3 b6 21. Ba6 Rb8 22. Bb5 Rbc8 23. Qe2 (23. Na4 $5 {[%cal Ra4b6]} Qb7 24. Qe2 $14) 23... Qe6 24. Ba6 Rc7 25. Na4 Na7 26. Qd2 Bf8 27. Be2 Rdc8 28. Bg4 f5 29. Be2 Be7 30. Nc3 Nf6 31. Ba6 Rb8 {aiming for ...b5.} 32. Nb5 Nxb5 33. Bxb5 Rbc8 34. Ba6 Rxc1 35. Rxc1 Rxc1 36. Qxc1 Ne8 37. Bb5 (37. Bc8 $5 {[%cal Rc8e6]} Qd6 38. Bb7 $14) 37... Kf7 38. Qc2 Nd6 39. Bc6 Nc4 40. Ba8 Nxb2 41. Qxb2 Qd6 {[#]} 42. b4 $1 {[%mdl 512]} axb4 43. axb4 Ke6 44. Qa2 Qd7 45. Qa6 Bxb4 46. Qxb6+ Bd6 47. Bc6 Qc7 48. Qb5 h5 49. Bxd5+ Ke7 50. Bb3 Kf6 51. Qe8 Qe7 52. Qg8 Qf8 53. Qe6+ Kg7 54. Bd5 h4 {[#]} 55. gxh4 (55. g4 $1 $16) 55... Be7 ({Black should play} 55... Kh6 $1 $14) 56. h5 $1 $16 gxh5 57. f3 exf3+ 58. Kxf3 Qf6 59. Qg8+ Kh6 {[#]} 60. Qg3 (60. Bf7 $1 $16) 60... Bd6 $14 61. Qg1 (61. Qf2 {with more complications.} h4 62. Qc2 f4 63. Qe4 Kg5 64. Ke2) 61... Qg5 62. Qxg5+ {White is slightly better.} Kxg5 {[%mdl 4096] Endgame KB-KB} 63. Be6 h4 64. Bd7 Kf6 65. Ba4 Bc7 66. Bc2 Bd6 67. Bb1 Bc7 68. e4 fxe4+ 69. Kxe4 {Precision: White = 60%, Black = 63%.} 1/2-1/2

[Event "7th RTU Open 2017"]
[Site "Riga"]
[Date "2017.08.08"]
[Round "3"]
[White "Schroeder, Jan-Christian"]
[Black "Gokerkan, Cem Kaan"]
[Result "1/2-1/2"]
[WhiteElo "2539"]
[BlackElo "2357"]
[Annotator "TA"]
[PlyCount "114"]
[EventDate "2017.??.??"]
[EventType "swiss"]
[EventCountry "LAT"]
[SourceTitle "playchess.com"]
[Source "ChessBase"]
[SourceQuality "1"]

{[%evp 11,114,10,26,31,51,0,35,28,25,22,26,15,30,16,30,0,0,-5,-1,-11,0,0,-9,-50,-35,-67,-60,-76,-70,-81,-82,-80,-60,-52,-52,-61,-56,-126,-82,-129,-116,-156,-136,-114,-125,-110,-120,-132,-127,-110,-96,-127,-87,-112,-113,-112,-102,-106,-66,-103,-116,-133,-73,-73,-63,-75,-79,-225,-195,-193,-190,-193,-158,-160,-121,-105,-114,-98,-98,-339,-333,-357,-355,-334,-316,-302,-91,-91,-91,-95,-22,-64,0,-16,-16,-16,0,0,0,0,0,0,0,0,0]} 1. e4 c5 2. Nf3 d6 3. d4 cxd4 4. Nxd4 Nf6 5. Nc3 a6 6. Nb3 Nc6 7. Be3 {B56: Classical Sicilian: Unusual Lines} g6 8. f3 (8. Nd5 $14 Nxd5 9. exd5) (8. Nd5 Nxd5 9. exd5 Ne5 10. Bd4 Bh6 11. Be2 O-O 12. O-O b5 13. a4 b4 14. c3 Bb7 15. cxb4 Bxd5 {0-1 (29) Anand,V (2776)-Vachier Lagrave,M (2811) Bastia 2016}) 8... h5 9. Qd2 {White is slightly better.} Bg7 10. O-O-O b5 11. Kb1 Be6 $146 ({Find the theoretical novelty and annotate with similar games:} 11... Bd7 12. Nd5 Rb8 13. Bg5 Nxd5 14. exd5 Ne5 15. Re1 f6 {1-0 (32) Lange,C (1657)-Kirschner,A (1544) Greifswald 2001}) 12. Nd5 {Bb6 is the strong threat.} Rc8 13. Bg5 Bxd5 14. exd5 Ne5 {[%cal Bc6e5,Be5d7,Bd7c5][%mdl 32]} 15. Qa5 Qxa5 16. Nxa5 Rc5 17. Be2 (17. Bxf6 $5 Bxf6 18. c3 $11) 17... Rxd5 18. f4 {Threatens to win with Bxf6.} Ned7 19. c4 bxc4 20. Rxd5 Nxd5 21. Bxc4 Nc7 22. Rc1 Nc5 23. Bh4 e6 24. b4 ({White should play} 24. Rc2 $15) 24... Ne4 25. Be1 Kd7 $1 26. a4 Rb8 27. Ka2 f5 28. Ka3 Bd4 29. Rc2 Be3 30. g3 Nf6 31. Be2 Nfd5 32. Bf3 {[#]} h4 $1 {[%mdl 512]} 33. Nc4 (33. gxh4 Bxf4) 33... Ba7 34. gxh4 Rh8 35. Bg3 Bd4 36. Na5 Bc3 ({Black should try} 36... Bf6 37. h5 gxh5) 37. Nc6 $17 Bf6 38. h5 $1 gxh5 {[%cal Bg6h5,Bh5h4][%mdl 32]} 39. h3 (39. Bf2 $17) 39... h4 40. Bh2 Rg8 41. Kb3 Ne3 42. Rc1 Ncd5 43. b5 axb5 44. axb5 {[#]} Nb6 $1 45. Nb4 $2 {[#]} (45. Kb4 $17) 45... d5 $1 $19 46. Rc6 Nec4 47. Kc2 {White hopes to continue with Na6.} Be7 48. Nd3 Rc8 $2 (48... Ra8 $19 {And now ...Ra2+ would win.} 49. Ne5+ Nxe5 50. fxe5 Ra2+ 51. Kb1 Rf2) 49. Rxc8 $17 Kxc8 50. Bg1 Kc7 (50... Nd7 $17 {With the idea ...Na3+.} 51. Kd1 Na3) 51. Bh5 Na3+ (51... Nd7 $1 $15 52. Bf7 Kd6) 52. Kb3 {The position is equal.} Nxb5 {next ...Nd7 is good for Black.} 53. Bf7 Nc4 {Hoping for ...Nd2+.} 54. Bxe6 Nd2+ 55. Kb2 Bf6+ 56. Kc1 Nf3 57. Bf2 Bd4 {Precision: White = 55%, Black = 53%.} (57... Nfd4 $5 {[%cal Rd4e6]} 58. Bxd5 Kd6 $11) 1/2-1/2

[Event "7th RTU Open 2017"]
[Site "Riga"]
[Date "2017.08.08"]
[Round "3"]
[White "Vishnu Prasanna.  V"]
[Black "Kaasen, Tor Fredrik"]
[Result "1-0"]
[WhiteElo "2538"]
[BlackElo "2399"]
[Annotator "TA"]
[PlyCount "65"]
[EventDate "2017.??.??"]
[EventType "swiss"]
[EventCountry "LAT"]
[SourceTitle "playchess.com"]
[Source "ChessBase"]
[SourceQuality "1"]

{[%evp 21,65,57,78,67,79,83,123,58,173,174,188,174,188,173,175,165,247,155,166,100,178,190,437,464,513,543,528,525,533,527,516,504,2367,2358,29984,29985,29989,29990,29991,29992,29992,29993,29993,29994,29995,29996]} 1. d4 Nf6 2. c4 g6 3. Nc3 Bg7 4. e4 d6 5. h3 O-O 6. Be3 c5 7. Nf3 cxd4 8. Nxd4 Nc6 9. Be2 Nxd4 10. Bxd4 Qa5 11. O-O Be6 12. f4 {[%cal Bf2f4,Bf4e5][%mdl 32] B38: Sicilian: Maroczy Bind with 5...Bg7 and 7...0-0} (12. Rc1 Rfc8 13. b3 a6 14. f4 b5 15. f5 Bd7 16. Bxf6 Bxf6 17. Nd5 Bc6 18. Nxf6+ exf6 19. fxg6 hxg6 20. Qxd6 Qxa2 {1-0 (29) Bruzon Batista,L (2650)-Escalante Ramirez,B (2338) Medellin 2017}) 12... Rfc8 13. b3 a6 14. Qd3 $146 ({White should try} 14. a4 $16) ({Predecessor:} 14. Na4) 14... Bd7 (14... b5 $14) 15. e5 $18 Bf5 16. Qe3 dxe5 17. fxe5 Nd7 18. Nd5 $36 {[%mdl 2048] White has strong initiative.} Qa3 (18... Re8 $142 19. Bc3 Qc5) 19. Kh1 {c5! is the strong threat.} Rc6 20. Qg3 ({Better is} 20. Bc3 $18 {Black must now prevent Bb4.} a5 21. g4) 20... Kh8 (20... e6 $16) 21. Rf3 Be4 $2 {[#]} (21... Re6) 22. Rxf7 Bxd5 23. cxd5 Rc1+ 24. Rxc1 Qxc1+ 25. Kh2 Qd2 26. Bd3 Kg8 (26... Qb4 $142) 27. Rxe7 Bh6 28. e6 {White mates.} Nf6 29. Bxf6 Bf4 30. Rg7+ Kf8 {[#]} 31. Rxh7 $1 {[%cal Rh7h8]} Bxg3+ 32. Kxg3 {[%cal Rh7h8]} Qe3+ 33. Kg4 {Precision: White = 64%, Black = 12%.} 1-0